000 01202 a2200253 4500
003 Nust
005 20230202114610.0
010 _a 2001289361
020 _a0195796039
035 _a(DLC) 2001289361
040 _cNust
082 0 0 _a954,DUR
100 1 _aDurrani, Mahmud Ali.
_946322
245 1 0 _aIndia & Pakistan :
_bthe cost of conflict and the benefits of peace /
_cMahmud Ali Durrani ; foreword by Bharat Bhushan.
260 _aKarachi :
_bOxford University Press,
_c2001.
300 _axxii, 96 p. :
_bill. ;
_c23 cm.
505 _aIntroduction South Asian Dilemma (Page-1), The Causes of Conflict (Page-5), Military Expenditure and National Developments (Page-9), Fore Structure and Defense Spending (Page-14), The Nuclear Dimension (Page-28), Trade and Economic Cooperation (Page-40), Conflict Resolution (Page-50), Peace Harvest (Page-60), Conclusion (Page-76).
650 _aPakistan And India
_9108451
651 0 _aIndia
_xArmed Forces
_xAppropriations and expenditures.
_9108452
651 0 _aIndia
_xRelations
_zPakistan.
_9108453
651 0 _aPakistan
_xArmed Forces
_xAppropriations and expenditures.
_9108454
651 0 _aPakistan
_xRelations
_zIndia.
_9108455
942 _2ddc
_cBK
999 _c187381
_d187381